00512nmm a2200169Ia 4500008004100000020001800041041000800059100003400067245004000101264005100141300001800192490003500210650002300245856005000268942000700318999001700325251105s9999||||xx |||||||||||||||||und|| a9788497429702 aspa aSamaniego, Félix María de 0aMedicina fantástica de espíritu a[Madrid, España] :bBiblioteca Nueva, c2010 a240 páginas aClásicos de Biblioteca Nueva aSpanish literature uhttps://public.digitaliapublishing.com/a/6216 cCF c90476d90476